BUNDESLIGA TEAMS - 2021/22 GERMAN SOCCER - Statistics

General Stats
  • This quiz has been taken 286 times
  • The average score is 14 of 18
Answer Stats
TEAMS % Correct
1 BAYERN MUNICH
100%
2 BORUSSIA DORTMUND
99%
6 BAYER LEVERKUSEN
87%
14 EINTRACHT FRANKFURT
85%
9 BORUSSIA MONCHENGLADBACH
83%
8 FC UNION BERLIN
82%
5 RB LEIPZIG
82%
4 VFL WOLFSBURG
80%
11 FC KOLN
77%
15 VFB STUTTGART
76%
3 FC FREIBURG
74%
13 HERTHA BERLIN
72%
10 TSG 1899 HOFFENHEIM
71%
7 FSV MAINZ
67%
16 FC AUGSBURG
66%
12 VFL BOCHUM
63%
18 GRUETHER FURTH
55%
17 DSC ARMINIA BIELEFELD
53%
No matching quizzes found
Score Distribution
Percent of People with Each Score
Percentile by Number Answered
Your Score History
You have not taken this quiz